00562nam a2200157 a 450000100100000000500170001000800410002704000250006808200140009324500550010726000360016230000290019870000470022795201130027499900170038700003337320200930070220.0110825s1975 dr a 000 0 spa d aDO-SdBNPbspacBNPHU axxxbC39400aCemies /cintroducción José A. Caro Álvarez. aSanto Domingo :bTaller,c1975. a[38 p.] :bil. ;c22 cm.1 aCaro Álvarez, José A.,eintrod.937866 00107-18PDaPDbPDcOId2011-08-25iLF1l0oxxx C394p33373-10r2020-06-25w2020-06-25yLFPDZNo se presta c32864d32864